The blue book : (Record no. 102469)
[ view plain ]
| 000 -LEADER | |
|---|---|
| fixed length control field | 00512nam a2200157 a 4500 |
| 005 - DATE AND TIME OF LATEST TRANSACTION | |
| control field | 20140412111236.0 |
| 008 - FIXED-LENGTH DATA ELEMENTS--GENERAL INFORMATION | |
| fixed length control field | 001120s19uu xx 00 eng d |
| 020 ## - INTERNATIONAL STANDARD BOOK NUMBER | |
| International Standard Book Number | 0-914395-02-5 |
| 050 ## - LIBRARY OF CONGRESS CALL NUMBER | |
| Classification number | TR(GS 372.4 |
| Item number | H11 1984 |
| 100 ## - MAIN ENTRY--PERSONAL NAME | |
| Personal name | Hargrave, Rowena |
| 245 ## - TITLE STATEMENT | |
| Title | The blue book : |
| Remainder of title | basic reading skills / |
| Statement of responsibility, etc | by Rowena Hargrave and Ruth Bersin ; edited by Joureene Panvier. |
| 260 ## - PUBLICATION, DISTRIBUTION, ETC. (IMPRINT) | |
| Place of publication, distribution, etc | Peotone, Ill : |
| Name of publisher, distributor, etc | Contemporary Learning Materials Inc, |
| Date of publication, distribution, etc | 1984. |
| 300 ## - PHYSICAL DESCRIPTION | |
| Extent | 96 p.; ill. |
| 650 ## - SUBJECT ADDED ENTRY--TOPICAL TERM | |
| Topical term or geographic name as entry element | Reading |
| Withdrawn status | Lost status | Damaged status | Home library | Current library | Shelving location | Date acquired | Total Checkouts | Full call number | Barcode | Date last seen | Price effective from | Koha item type |
|---|---|---|---|---|---|---|---|---|---|---|---|---|
| Elizalde Library | Elizalde Library | Teachers Reference Section | 11/20/2000 | TR(GS 372.4 H11 1984 | E1830 | 04/12/2014 | 04/12/2014 | Books |